Regionálna stratégia ako faktor úspechu nadnárodnej spoločnosti

Salvato in:
Dettagli Bibliografici
Autore principale: Chovanec, Rastislav
Natura: Capitolo di libro
Lingua:slovacco
Tags: Aggiungi Tag
Nessun Tag, puoi essere il primo ad aggiungerne!!

MARC

LEADER 00000naa$a2200000$$$4500
001 0061474
005 20240502071706.0
041 0 |a slo 
044 |a SK 
245 1 0 |a Regionálna stratégia ako faktor úspechu nadnárodnej spoločnosti  |c Rastislav Chovanec 
100 1 |a Chovanec, Rastislav